00434nam a2200145 a 450000100100000000500170001000800410002704000250006808200150009310000160010824500410012426000730016530000200023850400300025800003444920200930073715.0111004s1967 ag 000 0 spa d aDO-SdBNPbspacBNPHU axxxbR436n1 aRest, Jaime13aLa novela tradicional /cJaime Rest. aBuenos Aires, Argentina :bCentro Editor de América Latina,c1967. a58 p. ;c20 cm. aBibliografía : p. 52-58